书目信息 |
| 题名: |
欧洲足球风云
|
|
| 作者: | 韩春萌 著 | |
| 分册: | ||
| 出版信息: | 南昌 百花洲文艺出版社 2000.04 |
|
| 页数: | 196页 | |
| 开本: | 32开 | |
| 丛书名: | ||
| 单 册: | ||
| 中图分类: | G843.95 | |
| 科图分类: | ||
| 主题词: | 球类运动 | |
| 电子资源: | ||
| ISBN: | 7-80647-149-9 | |
| 000 | 00541nam0 2200193 45 | |
| 001 | 0010271160 | |
| 005 | 20001027112844.2 | |
| 010 | @a7-80647-149-9@d12.00元 | |
| 100 | @a20001027d2000 km y0chiy0120 ea | |
| 101 | 0 | @achi |
| 105 | @a z 000yy | |
| 200 | 1 | @a欧洲足球风云@AOu Zhou Zu Qiu Feng Yun@f韩春萌著@FHan Chun Meng Zhu |
| 210 | @a南昌@c百花洲文艺出版社@d2000.04 | |
| 215 | @a196页@d32开 | |
| 606 | 0 | @a球类运动 |
| 690 | @aG843.95@v3 | |
| 701 | 0 | @a韩春萌@4著 |
| 801 | @aCN@bPftUser@c20001027 | |
| 905 | @b193281-282@dG843.95@eH497@f2 | |
| 欧洲足球风云/韩春萌著.-南昌:百花洲文艺出版社,2000.04 |
| 196页;32开 |
| ISBN 7-80647-149-9:12.00元 |
| ● |
| 相关链接 |
|
|
|
正题名:欧洲足球风云
索取号:G843.95/H497
 
预约/预借
| 序号 | 登录号 | 条形码 | 馆藏地/架位号 | 状态 | 备注 |
| 1 | 193281 | 201932819 | 社科库409/409社科库 23排4列1层/ [索取号:G843.95/H497] | 在馆 | |
| 2 | 193282 | 201932828 | 社科库409/409社科库 23排4列1层/ [索取号:G843.95/H497] | 在馆 |